• 首页
  • 本馆介绍
  • 公告通知
  • 最新文献
  • 馆藏检索
  • 电子资源
  • 读者导购
  • 参考咨询
  • 我的图书馆
  • 登录
  • 详细信息显示
  • 放入我的书架
  • 预约/预借图书
  • 作者相关作品
  • 分类相关作品
  • 丛书相关作品
  • 出版社相关作品

书目信息

  • 表格格式
  • 工作单格式
  • 卡片格式
题名:
《实践论》解说
    
 
作者: 李达 著
分册:  
出版信息: 北京   三联书店  1978
页数: 117页
开本: 19cm
丛书名:
单 册:
中图分类: A841.23
科图分类:
主题词: 毛泽东著作研究--单行本--1864~1872年
电子资源:
ISBN:
000 00632nam0 2200241 45
001 0178002702
005 20070925103454.20
010    @dCNY0.26
091    @a2002.8
100    @a19950712d1978 em y0chiy0121 ea
101 0  @achi
102    @aCN@b110000
105    @ay z 000yy
200 12 @a《实践论》解说@Ashi jian lun jie shuo@f李达著@FLi Da Zhu
205    @a6版
210    @a北京@c三联书店@d1978
215    @a117页@d19cm
517 1  @a实践论解说@Ashi jian lun jie shuo
606    @a毛泽东著作研究@x单行本@x1864~1872年
690    @aA841.23@v3
701  0 @a李达@4著
801  0 @aCN@bNLC@c20070925
905    @dA841.23@e4=6
    
    《实践论》解说/李达著.-6版.-北京:三联书店,1978
    117页;19cm
    
    
    ISBN :CNY0.26
    
●
相关链接 在E读中查询图书 在五车中查询图书 在当当中查询图书 在豆瓣中查询图书


正题名:《实践论》解说     索取号:A841.23/4=6         预约/预借

序号 登录号 条形码 馆藏地/架位号 状态 备注
1 0001427   002047449   第一样本阅览室/ [索取号:A841.23/4=6] 在馆    
2 0001429   001849940   密集书库/ [索取号:A841.23/4=6] 在馆    
3 0065841   001854728   密集书库/ [索取号:A841.23/4=6] 在馆    
4 0065842   001854764   密集书库/ [索取号:A841.23/4=6] 在馆    
5 0065843   001389508   第一借阅区/ [索取号:A841.23/4=6] 在馆    
6 0065844   001849931   密集书库/ [索取号:A841.23/4=6] 在馆    
7 0065845   001849922   密集书库/ [索取号:A841.23/4=6] 在馆    
8 0065846   001389535   第一借阅区/ [索取号:A841.23/4=6] 在馆    
9 0065847   001389492   第一借阅区/ [索取号:A841.23/4=6] 在馆    
10 0065848   001854844   密集书库/ [索取号:A841.23/4=6] 在馆    
11 0065849   001854808   密集书库/ [索取号:A841.23/4=6] 在馆    
12 0065850   001879159   密集书库/ [索取号:A841.23/4=6] 在馆    
13 0065851   001879113   密集书库/ [索取号:A841.23/4=6] 在馆    
14 0065852   001849904   密集书库/ [索取号:A841.23/4=6] 在馆    
15 0065853   001854880   密集书库/ [索取号:A841.23/4=6] 在馆    
16 0065854   001389544   第一借阅区/ [索取号:A841.23/4=6] 在馆    
17 0065855   001849913   密集书库/ [索取号:A841.23/4=6] 在馆    
18 0065856   001389553   第一借阅区/ [索取号:A841.23/4=6] 在馆    
19 0065857   001849897   密集书库/ [索取号:A841.23/4=6] 在馆    
20 0065858   001849888   密集书库/ [索取号:A841.23/4=6] 在馆    
21 0065859   001854924   密集书库/ [索取号:A841.23/4=6] 在馆    
22 0065860   001849986   密集书库/ [索取号:A841.23/4=6] 在馆    
23 0425175   204251754   密集书库/ [索取号:A841.23/4=6] 在馆    
24 0425600   204256009   密集书库/ [索取号:A841.23/4=6] 在馆    
25 0425601   204256018   密集书库/ [索取号:A841.23/4=6] 在馆    
26 0425652   204256526   密集书库/ [索取号:A841.23/4=6] 在馆    
27 0439965   204399659   密集书库/ [索取号:A841.23/4=6] 在馆    
28 0609783   206097837   密集书库/ [索取号:A841.23/4=6] 在馆    
唐山师范学院图书馆 欢迎您!
大连网信软件有限公司© 版权所有